000 00808nam a2200205Ii 4500
003 JO-AjNU
008 230605s9999||||xx |||||||||||||| ||und||
040 _aJO-AjNU
_bara
_erda
_cJO-AjNU
041 _aara
050 1 4 _aHM263.T8 1980
100 3 _aتاليف: التهامي، مختار / م.مشارك: ابراهيم الداقوقي,
_eauthor
_919086
245 0 0 _aمبادىء العلاقات العامة في البلدان النامية
250 _aط1
264 3 1 _aبغداد: وزارة التعليم العالي والبحث العلمي، 1980
300 _a219ص
_bيحتوي على ببلوغرافية من 213-219ص
336 _atext
_btxt
_2rdacontent
337 _aunmediated
_bn
_2rdamedia
338 _avolume
_bnc
_2rdacarrier
650 4 _aالعلاقات العامة
_919087
999 _aA6226
_c9794
_d9794